Country Triples Quiz Stats

Quiz Updated Nov 6, 2015

Challenge
Share
Tweet
Embed
Score 0/6 Timer 05:00
5 Plays Today
First Letter . . . Last Letter Country Triple % Correct
R_____ARomania, Russia, & Rwanda
79.4%
B_____NBahrain, Benin, & Bhutan
62.5%
T_____NTaiwan, Tajikistan, & Turkmenistan
59.8%
B_____SBahamas, Barbados, & Belarus
53.3%
M_____SMaldives, Marshall Islands, & Mauritius
51%
C_____ECabo Verde, Chile, & Côte d'Ivoire
30.9%

You're not logged in!

Compare scores with friends on all Sporcle quizzes.
Join for Free
OR
Log In

You Might Also Like...

Show Comments

Extras

Top Quizzes Today


Score Distribution

Your Account Isn't Verified!

In order to create a playlist on Sporcle, you need to verify the email address you used during registration. Go to your Sporcle Settings to finish the process.

Report this User

Report this user for behavior that violates our Community Guidelines.

Details: